Logo BPK

Biblioteka

Politechniki Koszalińskiej

Modelowanie predyktywne i prognozowanie zjawisk w skali mikroekonomicznej / (Rekord nr 31720)

Szczegóły MARC
000 -ETYKIETA REKORDU
podpole kontrolne o stałej długości 00934nam a2200253 i 4500
001 - NUMER KONTROLNY REKORDU
pole kontrolne bg
020 ## - MIĘDZYNARODOWY ZNORMALIZOWANY NUMER KSIĄŻKI - ISBN
ISBN 8386745622
040 ## - ŹRÓDŁO KATALOGOWANIA
Instytucja, która utworzyła rekord BPK
041 0# - KOD JĘZYKA
Kod języka tekstu pl
Kod języka streszczenia lub abstraktu en
080 ## - UNIWERSALNA KLASYFIKACJA DZIESIĘTNA - UKD
UKD 658.1/.5.001.18:519.86
920 ## - Międzynarodowy znormalizowany numer książki – ISBN
ISBN 83-86745-62-2
008 - POLE O STAŁEJ DŁUGOŚCI - DANE KONTROLNE
podpole kontrolne o stałej długości s pl f |000 0 pol
100 1# - NAZWA OSOBOWA
Nazwa osobowa ZAWADZKI, Jan
245 10 - TYTUŁ/ODPOWIEDZIALNOŚĆ
Tytuł Modelowanie predyktywne i prognozowanie zjawisk w skali mikroekonomicznej /
Pozostałe elementy strefy tytułu i oznaczenia odpowiedzialności Jan Zawadzki.
260 ## - STREFA ADRESU WYDAWNICZEGO
Miejsce wydania Szczecin :
Nazwa wydawcy/dystrybutora Wydaw. Naukowe US,
Data publikacji, dystrybucji/powstania dokumentu 1996.
300 ## - STREFA OPISU FIZYCZNEGO
Objętość 230 s. :
Inne cechy fizyczne wykr. ;
Rozmiary 24 cm.
490 1# - STREFA SERII I DOKUMENTU WIELOCZĘŚCIOWEGO - FORMA NIE DO WYSZUKIWANIA
Tytuł i oznaczenie odpowiedzialności serii Rozprawy i Studia / Uniwersytet Szczeciński,
ISSN 0860-2751 ;
Numeracja w obrębie serii t. 228
500 ## - UWAGI OGÓLNE
Tekst uwagi Na s. tyt. także t. 320 oznaczający nr kolejny serii Rozprawy i Studia do nr 74 wydawanej przez WSP w Szczecinie.
504 ## - UWAGA DOTYCZĄCA BIBLIOGRAFII
Informacje o bibliografii Bibliogr. s. 217-226. - Summ.
650 #9 - HASŁO PRZEDMIOTOWE W FORMIE NAZWY OGÓLNEJ LUB JEDNOSTKOWEJ
Nazwa ogólna lub geograficzna Ekonometria
Określnik ogólny metody
650 #9 - HASŁO PRZEDMIOTOWE W FORMIE NAZWY OGÓLNEJ LUB JEDNOSTKOWEJ
Nazwa ogólna lub geograficzna Przedsiębiorstwo
Określnik ogólny prognozy
-- metody
830 #0 - HASŁO DODATKOWE SERII LUB DOKUMENTU WIELOCZĘŚCIOWEGO - TYTUŁ UJEDNOLICONY
Tytuł ujednolicony Rozprawy i Studia (Uniwersytet Szczeciński) ;
Oznaczenie tomu t. 228
856 ## - LOKALIZACJA I DOSTĘP DO ELEKTRONICZNYCH DOKUMENTÓW ZDALNYCH
Link (URL) http://koha.tu.koszalin.pl/cgi-bin/koha/opac-detail.pl?biblionumber=31720
Tekst linku Katalog online BPK
942 ## - DODATKOWE ELEMENTY (KOHA)
Typ dokumentu Książka
Egzemplarze
Wycofany Status egzemplarza Uszkodzony Dostępność Lokalizacja stała Lokalizacja bieżąca Miejsce przechowywania Sygnatura Kod kreskowy Ostatnio wypożyczono Typ dokumentu
      Dostępny Biblioteka Politechniki Koszalińskiej Biblioteka Politechniki Koszalińskiej Wypożyczalnia BG 39113 01269895 24.05.2013 Książka
© 2023 Biblioteka Politechniki Koszalińskiej :: KOHA